| 000 | 00991cas a2200241 4500 | ||
|---|---|---|---|
| 001 | L156544 | ||
| 008 | 120606c2012 eng u | ||
| 035 | _a(Sirsi) u156544 | ||
| 041 | 0 | _aeng | |
| 110 | 2 |
_aThe City UK _96083 |
|
| 245 | 0 | 0 |
_aGlobal economic reports _h[electronic resource] |
| 260 |
_aLondon _bThe City UK _c2012 |
||
| 362 | 0 | _aApril 2012- | |
| 490 | 0 |
_aThe City UK Global Economic Reports _vApril 2012- |
|
| 520 | _aConcise monthly reports offering regional economic commentary of use to property professionals interested in the following regions or major economies: Brazil, China, GCC (Middle East), Global, India, Russia, South and Sub-Saharan Africa, and Turkey. | ||
| 554 | _aMonthly | ||
| 651 | 4 | _aInternational | |
| 690 |
_aCommercial property _96227 |
||
| 690 |
_aResidential property _96266 |
||
| 710 | 2 | _aOxford Economics | |
| 856 | 4 | 0 |
_uhttps://www.thecityuk.com/research/our-work/reports-list/?start=0 _zView the reports at www.thecityuk.com |
| 942 | _n0 | ||
| 999 |
_c119372 _d119372 |
||